Slavošovské papierne kúpia za symbolickú korunu SCP Ružomberok

Bibliographic Details
Main Author: Buzinkay, Alexander, 1961- (Author)
Corporate Author: Slavošovské papierne (Slavošovce, Slovensko) (Author)
Format: Article
Language:Slovak
Subjects:

MARC

LEADER 00000nab a2200000 a 4500
001 vtls001001138
003 SK-MaSNL
005 20260305005812.0
008 040720e19960305xo 0 slo
035 |a RV1738 
040 |a RVGKPD  |b slo  |c RVGKPD  |e AACR2 
041 0 |a slo 
044 |a xo  |c SK 
080 |a 676.2  |2 1981 
080 |a 338.2  |2 1981 
100 1 |a Buzinkay, Alexander,  |d 1961-   |4 aut  |9 105204 
245 1 0 |a Slavošovské papierne kúpia za symbolickú korunu SCP Ružomberok 
610 2 7 |a Slavošovské papierne (Slavošovce, Slovensko)  |2 RVGKPD  |9 58596 
650 0 7 |a privatizácia  |2 RVGKPD  |9 2343 
651 7 |a Slavošovce (Slovensko)  |2 RVGKPD  |9 28955 
655 7 |a periodikum  |2 snkbucl  |9 29553 
710 2 |a Slavošovské papierne (Slavošovce, Slovensko)  |4 aut  |9 58596 
773 0 8 |t Zora Gemera  |g Roč. 45, č.10, 5.3.1996, s. 1 
852 |a ZVYKNI  |b KIS3GCP 
999 |c 3242729  |d 3244659